Simpsons: Click a Food II Quiz Stats

 Plays Quiz Updated Dec 27, 2017

Challenge
Share
Tweet
Score 0/20 Timer 05:00
6 Plays Today
% Correct
Flying Pig
94.6%
Mashed Potatoes
91.4%
Uncle Moe's Birthday Fries
90%
Movie Concession Snacks
89.5%
Ruffled Potato Chips
86.8%
Forbidden Soul Donut
82.8%
Khlav Kalash
82.4%
Brain & Nerve Tonic
80.8%
Fugu
80.5%
Banana Kaboom
80.3%
% Correct
Fish Sticks
79.3%
Squid Platter with Extra Tentacles
77.9%
Marge's Patented Happy-Cracker Snack Platter
74.3%
Tripe
74.1%
Seth & Munchies Garden Blast
73.7%
Cactus Candy
72.2%
Simpson & Son Revitalizing Tonic
70.4%
Steamed Hams
67%
Fish Sandwich
66.8%
Three-Eyed Fish
66%

You're not logged in!

Compare scores with friends on all Sporcle quizzes.
OR
Log In

You Might Also Like...

Show Comments

Extras

Top Quizzes Today


Score Distribution

Your Account Isn't Verified!

In order to create a playlist on Sporcle, you need to verify the email address you used during registration. Go to your Sporcle Settings to finish the process.

Report this User

Report this user for behavior that violates our Community Guidelines.

Details: